| 000 | 01343cam a2200313 a 4500 | ||
|---|---|---|---|
| 001 | 13655336 | ||
| 003 | NUST-PNEC | ||
| 005 | 20170116180657.0 | ||
| 008 | 040715s2004 enka b 001 0 eng | ||
| 010 | _a 2004555409 | ||
| 020 | _a0521825687 | ||
| 040 |
_aDLC _cPNEC _dDLC |
||
| 050 | 0 | 0 |
_aQC173.457.C64 _bR37 2004 |
| 082 | 0 | 0 | _a539.6 RAP |
| 100 | 1 | _aRapaport, D. C. | |
| 245 | 1 | 4 |
_aThe art of molecular dynamics simulation _cD.C. Rapaport. |
| 250 | _a2nd ed. | ||
| 260 |
_aCambridge, UK ; _aNew York, NY : _bCambridge University Press, _c2004. |
||
| 300 |
_axiii, 549 p. : _bill. ; _c26 cm. |
||
| 500 | _ahttp://www.amazon.com/Art-Molecular-Dynamics-Simulation/dp/0521825687/ref=sr_1_1?s=books&ie=UTF8&qid=1409829775&sr=1-1&keywords=0521825687 | ||
| 504 | _aIncludes bibliographical references (p. 519-531) and indexes. | ||
| 650 | 0 |
_aCondensed matter _xComputer simulation. |
|
| 650 | 0 |
_aMolecular dynamics _xME |
|
| 856 | 4 | 2 |
_3Publisher description _uhttp://www.loc.gov/catdir/description/cam051/2004555409.html |
| 856 | 4 | 1 |
_3Table of contents _uhttp://www.loc.gov/catdir/toc/fy045/2004555409.html |
| 906 |
_a7 _bcbc _corigcop _d2 _encip _f20 _gy-gencatlg |
||
| 942 |
_2ddc _cBK |
||
| 999 |
_c60434 _d60434 |
||